El episcopado español ante el Decreto de Urquijo (Record no. 144290)

MARC details
000 -LEADER
campo de control de longitud fija 00574nam a2200157 4500
001 - NÚMERO DE CONTROL
campo de control 144290
003 - IDENTIFICADOR DE NÚMERO DE CONTROL
campo de control ES-MaACL
005 - FECHA Y HORA DE LA ÚLTIMA TRANSACCIÓN
campo de control 20230906201002.0
007 - CAMPO FIJO DE DESCRIPCIÓN FÍSICA--INFORMACIÓN GENERAL
campo de control de longitud fija t|
008 - DATOS DE LONGITUD FIJA--INFORMACIÓN GENERAL
campo de control de longitud fija 070214s1963 sp r ||||1| spa d
100 1# - ENTRADA PRINCIPAL--NOMBRE DE PERSONA
Nombre de persona Sierra Nava, Luis.
9 (RLIN) 106281
245 13 - MENCIÓN DEL TÍTULO
Título El episcopado español ante el Decreto de Urquijo
Resto del título : 1799 : seiscientos tálamos inquietos : las travesuras canónicas del ministro Urquijo, 1795-1813 /
Mención de responsabilidad, etc. Luis Sierra Nava.
260 ## - PUBLICACIÓN, DISTRIBUCIÓN, ETC.
Lugar de publicación, distribución, etc. Madrid :
Nombre del editor, distribuidor, etc. [s.n.],
Fecha de publicación, distribución, etc. 1963 (
Fabricante Gráf. de Ed. Castilla)
300 ## - DESCRIPCIÓN FÍSICA
Extensión 136 p. ;
Dimensiones 25 cm.
852 ## - LOCALIZACIÓN
Ubicación ES-MaACL
Número de control de estantería C-24760
Sublocalización o colección R.53445
Holdings
Estatus retirado Estado de pérdida Estado de daño No para préstamo Biblioteca de origen Biblioteca actual Ubicación en estantería Fecha de adquisición Fuente de adquisición Total de préstamos Signatura topográfica completa Código de barras Visto por última vez Precio de reemplazo Tipo de ítem Koha
        Biblioteca del Ateneo de Madrid Biblioteca del Ateneo de Madrid Depósito 2 17/01/2008     C-24760 1150120 23/02/2023 23/02/2023 Libro impreso